AH International Schools' Libraries

Nancy Clancy: Star of stage and screen / (Record no. 50128)

MARC details
000 -LEADER
fixed length control field 00611nam a2200181 4500
016 7# - NATIONAL BIBLIOGRAPHIC AGENCY CONTROL NUMBER
Record control number 017748491
Source Uk
020 ## - INTERNATIONAL STANDARD BOOK NUMBER
International Standard Book Number 9780062269638
040 ## - CATALOGING SOURCE
Original cataloging agency StDuBDS
Language of cataloging eng
Transcribing agency StDuBDS
Modifying agency Uk
Description conventions rda
042 ## - AUTHENTICATION CODE
Authentication code ukblcatcopy
082 04 - DEWEY DECIMAL CLASSIFICATION NUMBER
Classification number 813.6
Edition number 23
100 ## - MAIN ENTRY--PERSONAL NAME
Personal name O'Connor, Jane,
Relator term author.
9 (RLIN) 15415
245 10 - TITLE STATEMENT
Title Nancy Clancy: Star of stage and screen /
Statement of responsibility, etc Jane O'Connor ; illustrated by Robin Preiss Glasser.
260 ## - PUBLICATION, DISTRIBUTION, ETC. (IMPRINT)
Name of publisher, distributor, etc HarperCollins:
Date of publication, distribution, etc February 9, 2016.
300 ## - PHYSICAL DESCRIPTION
Extent 120 pages :
Other physical details illustrations ;
Dimensions 20 cm.
490 0# - SERIES STATEMENT
Series statement Nancy Clancy Chapter Books series:
Volume number/sequential designation 5
700 ## - ADDED ENTRY--PERSONAL NAME
Personal name Preiss-Glasser, Robin,
Relator term illustrator.
942 ## - ADDED ENTRY ELEMENTS (KOHA)
Source of classification or shelving scheme
Koha item type Book
Holdings
Withdrawn status Lost status Source of classification or shelving scheme Damaged status Not for loan Home library Current library Date acquired Total Checkouts Full call number Barcode Checked out Date last seen Date checked out Price effective from Koha item type
          Logos International School Logos International School 01/29/2026 1 CB FIC OCO 040840 07/08/2026 02/19/2026 02/19/2026 01/29/2026 Book

For any Logos Library related questions please contact Miss Art at swongnarasuk@asianhope.org.

For any Asian Hope Library related questions please contact Miss Raza at graza@asianhope.org.

Powered by Koha